000 00395nam a2200145Ia 4500
008 240624s9999 xx 000 0 und d
041 _aeng
082 _a658.827 KEL
100 _aKELLER KEVIN LANE
245 _aSTRATEGIC BRAND MANAGEMENT BUILDING MEAS
250 _a(2nd ed.)
260 _c2007
_aNew Delhi
_bPrentice-Hall of India
300 _axxvii, : 788 : p. : cm. ; 23
365 _cRS
_b40
999 _c8667
_d8667